000 003170000a22001450004500
005 20120302054457.0
942 _cBOOK
245 _a Kalyan Anka:Varsha 45-Anka-6
260 _aGorakhpur:Geeta,1971.
300 _a957-1012p.
040 _aHIN
650 _aSankirna
650 _aMaaasik-Kalyan
650 _aMaasik
999 _c345738
_d345735